000 00630nam a2200217Ia 4500
001 8511
003 GE_BSU
008 181216s||||||||xx |||||||||||||| ||und||
040 _cGE_BSU
080 _a821.353.1-2
100 _aვაკელი,იონა
245 _aშური. დრამა 4 მოქმედებად
245 _cრედ. ირ. არაბული
260 _aთბილისი
260 _bსახელგამი
260 _c1956
300 _a78გვ.18სმ.
653 _aდრამა 4 მოქმედებად
653 _aშური
942 _cBK
999 _c41828
_d41828